L'evoluzione giuridica dell'Argentina indipendente. 1810-1950.

Đã lưu trong:
Chi tiết về thư mục
Tác giả chính: Rosti, Marzia (autore)
Định dạng: Sách
Ngôn ngữ:Tiếng Anh
Được phát hành: Milano, Italia: Edizioni Unicopli, 1994.
Loạt:Circolazione dei modelli giuridici,
Những chủ đề:
Các nhãn: Thêm thẻ
Không có thẻ, Là người đầu tiên thẻ bản ghi này!

MARC

LEADER 00000nam a22000007a 4500
003 CL-VaPUC
005 20220822114728.0
008 220726t1994 ||||| |||| 00| 0 eng d
999 |c 437594  |d 437592 
040 |c Pontificia Universidad Católica de Valparaíso 
082 |2 22  |a 342.82 ROS 1994 
100 |9 873984  |a Rosti, Marzia  |e autore 
245 |a L'evoluzione giuridica dell'Argentina indipendente.  |b 1810-1950.  
260 |a Milano, Italia:   |b Edizioni Unicopli,   |c 1994. 
300 |a 188 páginas.  
490 |a Circolazione dei modelli giuridici,   |n  1. 
500 |a c.1 Donación Familia Prof. Alejandro Guzmán Brito. 
583 |c 20220726  |k Yessy Sthefany Diaz Vidal 
650 0 |9 222588  |a Derecho constitucional   |z Argentina  
650 0 |9 255077  |a Derecho y legislación   |z Argentina  
651 0 |9 254888  |a Argentina  |x Historia judicial   |x Independencia  
942 |2 ddc  |c BK  |n 0 
952 |0 0  |1 0  |2 ddc  |4 0  |6 342_820000000000000_ROS_1994  |7 0  |8 C_AGB  |9 585375  |a BIBDER  |b BIBDER  |d 2022-07-26  |e Donación   |i 5653381  |o 342.82 ROS 1994  |p 5653381  |r 2023-01-25  |t 1  |w 2022-07-26  |y BK_US  |k AGB